Oči objaviteľov

Bibliographic Details
Main Author: Richter, Milan, 1948- (Author)
Format: Article
Language:Slovak
Subjects:

MARC

LEADER 00000nab a2200000 a 4500
001 vtls000359684
003 SK-MaSNL
005 20260304014753.0
008 150501c1989 xo 0 slo
015 |a SNBRB19rr/mm-uuuuu 
035 |a CL0359806 
040 |a SNKBUCL  |b slo  |c SNKBUCL  |e AACR2 
041 0 |a slo 
044 |a xo  |c SK 
080 |a 82:929:830  |2 1981 
080 |a 929  |2 1981 
080 |a 830  |2 1981 
080 |a 929 Born, Nicolas  |2 1981 
080 |a 929 Brinkmann, Rolf Dieter  |2 1981 
100 1 |a Richter, Milan,  |d 1948-  |4 aut  |9 92608 
245 1 0 |a Oči objaviteľov  |c Milan Richter 
600 1 7 |a Brinkmann, Rolf Dieter,  |d 1940-1975  |2 snkbucl  |9 15143 
650 0 7 |a Born, Nicolas,  |d 1937-1979  |2 snkbucl  |9 1295522 
655 7 |a články z novín a časopisov  |2 snkbucl  |9 267496 
655 7 |a články z odboru literárna veda a krásna literatúra  |2 snkbucl  |9 770045 
773 0 |t Literárny týždenník  |g Roč. 2, č. 32 (1989), s. 8-9 
850 |a Slovenská národná knižnica v Martine  |a MTA001 
852 |a SNK  |b KIS3GCP 
958 |a RK 
958 |a LX 
958 |a DE 
999 |c 2587594  |d 2589524